000 00231nam a2200109Ia 4500
008 240625s9999 xx 000 0 und d
041 _aeng
100 _aNEHRU JAWAHARLAL
245 _aBHARAT EK KHOJ
260 _c2010
440 _v9
999 _c34667
_d34667